000 00402nam a2200109Ia 4500
008 160909s9999 xx 000 0 und d
100 _aMinto, Amy M.
245 _aNonmarket Autonomy: Combining Private and Collective Approaches to Corporate Political Activity
260 _bUniversity of Oregon.
_c2016
650 _aENTREPRENEURSHIP
856 _uhttp://pqdtopen.proquest.com/doc/1808262303.html?FMT=ABS
999 _c304481
_d304481